Регионална библиотека "Любен Каравелов" - Русе

Есен (Запис номер 353572)

MARC детайли
000 -Лидер
Контролно поле с фиксирана дължина nam a22 1a 4500
003 - Код на организацията, давaща контролен номер
Контролно поле BLK
005 - Дата и час на последна редакция
Контролно поле 20200410173950.0
008 - Елементи от данни с фиксирана дължина
fixed length control field 180411b bul|||||r ||||||| ||bul||
010 ## - Наследен системен номер
LC control number KNG00196956000
040 ## - Източник на каталожния запис
Идентификатор на билиотеката - собственик на записа BLK
041 ## - Код за език
Код за езика на текст/звукозапис или на отделно заглавие Български
Код за езика КДБФ Български
080 ## - УДК
Текстов определител УДК Руска литература
УДК код - определител по УДК 821.161.1
УДК определител -32
УДК - код + определител 821.161.1-32
100 1# - Редна дума - Автор
Автор Казаков, Юрий Павлович
Авторска отговорност първи автор
R(LIN) 329118
139 ## - Редно поле
Редна дума Казаков, Юрий Павлович
Авторски знак Кад - К 13
245 10 - Сведения за заглавието
Заглавие Есен
Подзаглавни данни Сб. разкази
Редно поле (дума) Юрий Павлович Казаков; Прев. от рус. Лиляна Минкова и др. ; Подб. Иво Панов ; [С предг. от В. Турбин]
257 ## - Страна на издаване
Страна на създаване/издаване СССР
260 ## - Област на издателските данни
Име на издателя, разпространителя и проч. Нар. култура
Година на издаване 1986
9 (RLIN) 209547
Място на издаване, разпространение и проч. София
Печатница Варна : Ст. Добрев-Странджата
Издателство - префикс ISBN 954-04-
300 ## - Физическа характеристика
Страници 388 с.
Размери/Мащаб 21 см
380 ## - Жанр
Жанр Худож. лит.
490 ## - СЕРИИ (Колекции)
9 (RLIN) 204640
Име на серия Майстори на разказа
500 ## - Общи забележки
Забележка Прев. е направен от Осень в дубовых лесах ; Двое в декабре ; Голубое и зеленое ; По дороге / Юрий Казаков. - Други прев. : Ив. Васева, Н. Чекарлиева, С. Бранц. - 5 125 тир.
700 1# - Други автори (авторска отговорност)
Лично име Минкова, Лиляна Тодорова
Автороска отговорност (Описва отношението между автора и произведението) прев. от рус.
9 (RLIN) 96408
700 ## - Други автори (авторска отговорност)
Лично име Панов, Иво Кирилов
Автороска отговорност (Описва отношението между автора и произведението) подб.
9 (RLIN) 878
700 ## - Други автори (авторска отговорност)
Лично име Турбин, Владимир Николаевич
Автороска отговорност (Описва отношението между автора и произведението) с предг. от
9 (RLIN) 1386
852 ## - Местоположение
Форматна сигнатура Цб 146068
Фондова буква Хранилище
999 ## - СИСТЕМНИ КОНТРОЛНИ НОМЕРА
Koha biblionumber 353572
Koha biblioitemnumber 353572
942 ## - АРТИКУЛИ
Вид на библиотечния материал Книги
Скрит в OPAC Не
Периодичен библиозапис Да
944 ## - СЪЗДАВАНЕ И РЕДАКЦИЯ на ЗАПИСА
Създаване/Редакция Създаване
Дата на регистрацията/редакция 2020-04-10
Служител, извършил регистрацията/редакцията С.Т.
Наличности
Код за отписване Код за изгубен артикул Източник на класификационната схема Код за повреда Коз за рестрикции Код за отдаване Артикулен № Име на библиотеката - собственик Име на библиотеката, в която се намира в момента Статус (Текущо местоположение) Дата на вписване в системата Местоположение - отдел Цена в лева Инвентарен номер Систематично азбучна сигнатура Баркод Цена в евро Служебен тип на артикула
  Не е изгубен Universal Decimal Classification Не е повреден само за читалня ползва се в читалня 761175 Регионална библиотека "Любен Каравелов" Русе Регионална библиотека "Любен Каравелов" Русе Хранилище 2020-04-13 Хранилище 3.12 471066 Цб 146068 120000471066 1.60 Книги
Vip Innovations Ltd, Rousse, Bulgaria 2025